Statistics for Guess the lyrics (#80)

Click here to take the quiz!

General Stats

  • This quiz has been taken 420 times
    (406 since last reset)
  • The average score is 201 of 505

Answer Stats

Answer% Correct
"I
99%
I
99%
a
97%
A
97%
"The
96%
The
96%
the
96%
an
86%
we
84%
We
84%
He
83%
he
83%
When
80%
be
79%
me
79%
on
79%
on,
79%
to
79%
in
76%
And
74%
and
74%
go
73%
it
72%
"No
71%
of
69%
so
65%
can
62%
my
62%
what
62%
"They
61%
They
61%
they
61%
are
59%
One
57%
one
57%
For
55%
for
55%
not
54%
"This
54%
this
54%
that
52%
was
52%
"If
51%
If
51%
up!"
49%
up
49%
us
49%
were
49%
we're
49%
Three
48%
three
48%
two
48%
all
47%
by
47%
down!"
47%
down,
47%
down
47%
could
46%
'em
45%
his
43%
at
42%
But
41%
but
41%
can't
41%
here"
41%
here
41%
out
41%
out!"
41%
don't
40%
get
40%
him
40%
with
40%
or
39%
like
38%
their
37%
you're
37%
had
36%
house
36%
little
36%
bad
35%
From
35%
know
35%
big
34%
Boy,
34%
I'll
34%
"I'll
34%
Went
34%
went
34%
did
33%
give
33%
I'm
33%
never
33%
way
33%
going
32%
pig
32%
wolf,
31%
wolf
31%
blow
30%
red-rimmed
30%
won't
30%
"Come
29%
got
29%
pigs
29%
story
29%
away
27%
mad
26%
world
25%
huff
24%
puff
24%
than
23%
bricks"
22%
bricks
22%
came
22%
gone
22%
made
22%
more!
22%
right
22%
straw
22%
sudden
22%
place,
21%
place
21%
play
19%
those
19%
ten
18%
they're
18%
Well
18%
Well,
18%
eyes
17%
find
17%
gonna
17%
other
17%
Built
16%
Didn't
16%
door:
16%
real
16%
sticks
16%
took
16%
wanted
15%
around
14%
before
14%
Everything
14%
wish
14%
must
13%
next
13%
nothing
13%
shout
13%
town"
13%
town!
13%
town,
13%
another
12%
blown
12%
heard
12%
show
12%
without
12%
you've
12%
hand
11%
really
11%
still
11%
"Stop
11%
brother
10%
hot
10%
huffed
10%
puffed
10%
sound
10%
angry
9%
Doing
9%
heaven,
9%
most,
9%
music!
9%
music
9%
High-class
8%
high-class
8%
inside
8%
myself!
8%
running
8%
piano-playing
7%
sat
7%
"We've
7%
We've
7%
east
6%
played
6%
stronger
6%
band
5%
cool!"
5%
gives
5%
having
5%
hope
5%
playing
5%
rule:
5%
west
5%
wolves
5%
allowed"
4%
ball
4%
cats,
4%
danced
4%
giving
4%
o’clock
4%
Remember
4%
such
4%
surprise
4%
They'd
4%
tough,
4%
trouble!
4%
crowd
3%
Drop
3%
drop
3%
hall
3%
horn
3%
learned
3%
Sign
3%
stopped
3%
Throw
3%
bleeped
2%
blooped
2%
completely
2%
determined
2%
disguise
2%
dope"
2%
figured
2%
gate
2%
George
2%
groove
2%
Inn,
2%
Inn
2%
Instead
2%
pipe
2%
pooped
2%
ray
2%
shook
2%
smooth
2%
square
2%
starting
2%
stride
2%
stuck!
2%
Sturdy
2%
tied
2%
trace
2%
1776
1%
88
1%
Announced
1%
appeared
1%
argument
1%
blast
1%
bothered
1%
corny
1%
crawled
1%
Dew
1%
due
1%
entered
1%
fit
1%
friendly
1%
gassed
1%
jigs
1%
joining
1%
least!"
1%
Liberace
1%
licks
1%
modern
1%
rubble
1%
sore
1%
swinging
1%
sworn
1%
talent
1%
tricks!
1%
windy
1%

Score Distribution

Percentile by Number Answered

Percent of People with Each Score

Your Score History

You have not taken this quiz since the last reset